Description of the Character, Manners and Customs of the People of India & (Record no. 8573)

MARC details
000 -LEADER
fixed length control field 00460nam a2200169 a 4500
082 00 - DEWEY DECIMAL CLASSIFICATION NUMBER
Classification number 294.54
Author Cutter DUB
100 ## - MAIN ENTRY--AUTHOR NAME
Author name Dubois, Abee J A
245 ## - TITLE STATEMENT
Title Description of the Character, Manners and Customs of the People of India &
260 ## - PUBLICATION, DISTRIBUTION, ETC. (IMPRINT)
Place of publication New Delhi
Name of publisher Asian Educational Services
Year of publication 1989
300 ## - PHYSICAL DESCRIPTION
Number of Pages 411p
500 ## - GENERAL NOTE
General note includes index and biblioraphy
505 2# - FORMATTED CONTENTS NOTE
Formatted contents note index
650 ## - SUBJECT ADDED ENTRY--TOPICAL TERM
Topical Term Hinduism
650 ## - SUBJECT ADDED ENTRY--TOPICAL TERM
Topical Term Caste-India
942 ## - ADDED ENTRY ELEMENTS (KOHA)
Koha item type Books
700 1# -
-- Dubois, Abee J A
Holdings
Collection code Home library Current library Date acquired Cost, normal purchase price Full call number Accession Number Koha item type
  Henry Martyn Institute Library Henry Martyn Institute Library 07/24/2007 145.00 294.54 DUB 013767 Books
                   Copyright © 2026 | Henry Martyn Institute | Hyderabad | TS-500052 | INDIA | Implemented by hmi.edu.in
Hit-Count:

Powered by Koha